Новый большой русско-английский словарь (Запись № 56655)

Подробности
000 -МАРКЕР
контрольное поле 01858nam0a2200385 4500
001 - ИДЕНТИФИКАТОР ЗАПИСИ
контрольное поле RU\NLR\bibl\1221096
005 - ИДЕНТИФИКАТОР ВЕРСИИ
контрольное поле 20260405060551.0
010 ## - МЕЖДУНАРОДНЫЙ СТАНДАРТНЫЙ НОМЕР КНИГИ (ISBN)
Номер (ISBN) 978-5-9576-0402-0
Тираж 7000
021 ## - НОМЕР ГОСУДАРСТВЕННОЙ РЕГИСТРАЦИИ
Код страны российская федерация
Номер 2008-15536
Номер Листа государственной регистраци 845
035 ## - ДРУГИЕ СИСТЕМНЫЕ НОМЕРА
Идентификатор записи (NLR Aleph) 001207448
100 ## - ДАННЫЕ ОБЩЕЙ ОБРАБОТКИ
Данные общей обработки 20080428d2008 |||y0rusy50 ca
101 0# - ЯЗЫК РЕСУРСА
Язык текста, звукозаписи и т.д. русский
-- английский
102 ## - СТРАНА ПУБЛИКАЦИИ ИЛИ ПРОИЗВОДСТВА
Страна публикации российская федерация
105 ## - ПОЛЕ КОДИРОВАННЫХ ДАННЫХ: ТЕКСТОВЫЕ МАТЕРИАЛЫ, МОНОГРАФИЧЕСКИЕ
Кодированные данные о монографическом текстовом документе y |||||||||
200 1# - ЗАГЛАВИЕ И СВЕДЕНИЯ ОБ ОТВЕТСТВЕННОСТИ
Основное заглавие Новый большой русско-английский словарь
Параллельное заглавие New comprehensive russian-english dictionary
Сведения, относящиеся к заглавию около 110 000 слов и словосочетаний
Первые сведения об ответственности Д.И. Ермолович, Т.М. Красавина
Последующие сведения об ответственности под общ. руководством проф. Д.И. Ермоловича
Язык параллельного заглавия английский
205 ## - СВЕДЕНИЯ ОБ ИЗДАНИИ
Сведения об издании 3-е изд., испр.
210 ## - ПУБЛИКАЦИЯ, РАСПРОСТРАНЕНИЕ И ДР.
Место издания, распространения и т.д. Москва
Имя издателя, распространителя и т. д. Русский язык Медиа
Дата издания, распространения и т.д. 2008
215 ## - ФИЗИЧЕСКАЯ ХАРАКТЕРИСТИКА
Специфическое обозначение материала и объем XXXVI,1098 с.
Размеры 27
300 ## - ОБЩИЕ ПРИМЕЧАНИЯ
Текст примечания Авт. также на англ. яз.: D.I. Yermolovich, T.M. Krasavina
300 ## - ОБЩИЕ ПРИМЕЧАНИЯ
Текст примечания На обл. авт. не указаны
510 0# - ПАРАЛЛЕЛЬНОЕ ЗАГЛАВИЕ
Связь между полями z55790
Параллельное заглавие New comprehensive russian-english dictionary
Язык заглавия английский
606 0# - НАИМЕНОВАНИЕ ТЕМЫ КАК ПРЕДМЕТ
Наименование темы Русский язык
Тематический подзаголовок Словари
-- Английский язык
Системный номер авторитетной/нормативной записи 1536876
Идентификатор авторитетной/нормативной записи RU\NLR\auth\66971036
686 ## - ИНДЕКСЫ ДРУГИХ КЛАССИФИКАЦИЙ
Индекс Ш141.12-481
686 ## - ИНДЕКСЫ ДРУГИХ КЛАССИФИКАЦИЙ
Индекс Ш143.21-482
700 #1 - ИМЯ ЛИЦА - ПЕРВИЧНАЯ ОТВЕТСТВЕННОСТЬ
Код отношения Автор
Материалы, к которым относится поле rus
Графика поля Кириллица
Начальный элемент ввода Ермолович
Часть имени, кроме начального элемента ввода Д. И.
Даты 1952-
Расширение инициалов личного имени Дмитрий Иванович
Идентификатор авторитетной/нормативной записи RU\NLR\auth\7719844
Системный номер авторитетной/нормативной записи 2915
701 #1 - ИМЯ ЛИЦА - АЛЬТЕРНАТИВНАЯ ОТВЕТСТВЕННОСТЬ
Код отношения Автор
Материалы, к которым относится поле rus
Графика поля Кириллица
Начальный элемент ввода Красавина
Часть имени, кроме начального элемента ввода Т. М.
Расширение инициалов личного имени Татьяна Михайловна
Идентификатор авторитетной/нормативной записи RU\NLR\auth\7719847
Системный номер авторитетной/нормативной записи 2918
790 #1 - ИМЯ ЛИЦА - АЛЬТЕРНАТИВНАЯ ФОРМА
Код отношения Автор
Материалы, к которым относится поле rus
Графика поля Латинская
Начальный элемент ввода Ermolovič
Часть имени, кроме начального элемента ввода D. I.
Даты 1952-
Расширение инициалов личного имени Dmitrij Ivanovič
Идентификатор авторитетной/нормативной записи RU\NLR\auth\7719846
Системный номер авторитетной/нормативной записи 2917
790 #1 - ИМЯ ЛИЦА - АЛЬТЕРНАТИВНАЯ ФОРМА
Код отношения Автор
Материалы, к которым относится поле rus
Графика поля Латинская
Начальный элемент ввода Krasavina
Часть имени, кроме начального элемента ввода T. M.
Расширение инициалов личного имени Tat'jana Michajlovna
Идентификатор авторитетной/нормативной записи RU\NLR\auth\7719849
Системный номер авторитетной/нормативной записи 2920
801 #0 - ИСТОЧНИК ЗАПИСИ
Страна российская федерация
Организация NLR
Дата составления 20040513
Правила каталогизации PSBO
801 #1 - ИСТОЧНИК ЗАПИСИ
Страна российская федерация
Организация NLR
Дата составления 20040513
830 ## - ОБЩЕЕ ПРИМЕЧАНИЕ, СОСТАВЛЕННОЕ КАТАЛОГИЗАТОРОМ
Текст примечания Авт. по кн.
942 ## - ДОПОЛНИТЕЛЬНЫЕ ЭЛЕМЕНТЫ ЗАПИСИ (АБИС)
Тип экземпляра АБИС Книга
980 ## - КОЛЛЕКЦИЯ
Название коллекции Национальная библиография
Экземпляры
Тип экземпляра Дата поступления Источник поступления Библиотека постоянного хранения Библиотека текущего хранения Место хранения Шифр хранения Штрих-код Статус не для выдачи Стоимость
Книга 28.04.2008 Обязательный экземпляр РНБ (Московский) РНБ (Московский) Центральная справочная библиотека С 2008-4/61 1-742575    
Книга 28.04.2008 Обязательный экземпляр РНБ (Московский) РНБ (Московский) Фонд общего зала литературы по филологии, педагогике и искусству (гуманитарной литературы) Л1 Ш143.21 Сл/Е-746 1-246955   0.00